000 00350pam a2200157a 44500
008 230515b1967 xxu||||| |||| 00| 0 eng d
020 _aNULL
041 _aMARATHI
082 _a1
100 _aKULKARNI
245 _aSARANGDARSAMHITA VOL-1
250 _a2
260 _aSANGALI
_bN.D.
_c1967
300 _a100
650 _aSARANGDARSAMHITA VOL-1
999 _c496934
_d496934